Systems Modeling and Simulation: Theory and Applications : Third Asian Simulation Conference, AsiaSim 2004, Jeju Island, Korea, October 4-6, 2004, Revised Selected Papers /

-д хадгалсан:
Номзүйн дэлгэрэнгүй
Үндсэн зохиолч: Doo-Kwon Baik (edición)
Формат: Ном
Хэл сонгох:англи
Хэвлэсэн: Berlín, Alemania : Springer, 2005, c2005
Цуврал:(Lecture Notes in Computer Science)
Онлайн хандалт:Ver documento en línea
Шошгууд: Шошго нэмэх
Шошго байхгүй, Энэхүү баримтыг шошголох эхний хүн болох!

MARC

LEADER 00000nam^a22000000a04500
001 000604992
009 20260418135243.663
020 |a 978-3-540-30585-9 
022 |a 1611-3349 
037 |a Acervo ITESO - Biblioteca 
041 |a ING 
082 |a Libro en línea 
100 |a Doo-Kwon Baik  |e (edición) 
245 |a Systems Modeling and Simulation: Theory and Applications :  |b Third Asian Simulation Conference, AsiaSim 2004, Jeju Island, Korea, October 4-6, 2004, Revised Selected Papers / 
264 4 |a Berlín, Alemania :  |b Springer,  |c 2005, c2005 
264 2 |a Cham, Suiza :  |b Springer Link [distribución],  |c 2025 
300 |a 1 libro electrónico en línea (XIV, 733 p.) 
300 |a 1 recurso en línea 
336 |a datos para computadora  |b cod  |2 rdacontenido 
337 |a computadora  |b c  |2 rdamedio 
338 |a recurso en línea  |b cr  |2 rdasoporte 
440 |a (Lecture Notes in Computer Science) 
506 0 |a Licencias ilimitadas 
567 |a Catalogación rápida 
649 |a XX 
856 4 0 |u https://link-springer-com.ezproxy.iteso.mx/10.1007/b105611  |y Ver documento en línea 
910 |a Fondo General 
920 |a Electrónicos - Libros en Línea 
930 |a Plataforma Digital 
905 |a 205 
902 |a https://opac.biblio.iteso.mx/vufind/Record/000604992